College Quizbowl Stats
College Quizbowl Stats
Circuits
Seasons
Sets
Records
Detailed Stats
About
Loading...
2024 ACF Fall at North Carolina
Tossups
Bonuses
Players
Teams
Categories (Tossup)
Categories (Bonus)
Henry Kindler
Appalachian State A
Categories
Category
Powers
Gets
Negs
BBs
Points
Earliest Buzz
Avg. Buzz
First Buzzes
Top 3 Buzzes
Geography
0
2
0
0
20
83
90.00
1
1
History - World History
0
1
0
1
10
99
99.00
0
0
Pop Culture
0
1
0
0
10
41
41.00
0
0
Religion
0
1
0
0
10
95
95.00
0
1
Science - Other Science
0
1
0
0
10
88
88.00
0
0
Current Events
0
0
1
0
-5
0.00
0
0
Buzzes
Category
Answer
Value
Buzz Position
Pop Culture
Dolly Parton
10
41
Geography
lions
10
83
Current Events
Uganda
-5
85
Science - Other Science
earthquakes
10
88
Religion
Christmas
10
95
Geography
cattle
10
97
History - World History
Muammar Gaddafi
10
99
Previous
1
Next